El derecho: repertorio general

Kaydedildi:
Detaylı Bibliyografya
Asıl Yazarlar: Fornieles, Jorge S (Yazar), Bulgheroni, Anibal R (Yazar)
Materyal Türü: Kitap
Dil:İspanyolca
Baskı/Yayın Bilgisi: Buenos Aires Universitas 1976
Konular:
Etiketler: Etiketle
Etiket eklenmemiş, İlk siz ekleyin!

MARC

LEADER 00000nam a2200000 a 4500
001 UCT8850
003 CL-VaPUC
008 970326e19760000AG |||||||||||||||||spa|d
082 0 4 |a 340  |b FOR  |2 21 
100 0 |a Fornieles, Jorge S  |e author  |9 380985 
700 0 |a Bulgheroni, Anibal R  |e author  |9 380986 
245 1 3 |a El derecho: repertorio general 
300 |a v 
942 |c BK 
945 |d 19970326 00:00:00  |a paguirre 
260 |a Buenos Aires  |b Universitas  |c 1976 
650 7 |a DERECHO  |2 CL-VaPUC  |9 380987 
650 0 |a Jurisprudencia  |9 255952 
650 7 |a LEGISLACION  |2 CL-VaPUC  |9 380988 
650 7 |a JURISPRUDENCIA PENAL  |2 CL-VaPUC  |9 256149 
650 0 |a Jurisprudencia laboral  |9 380989 
650 0 |a Contratos  |9 255153 
651 0 |a Argentina  |9 254888 
583 |a last modification  |c 19970326 00:00:00  |k Rodrigo Vera 
999 |c 257323  |d 257321 
952 |0 0  |1 0  |4 0  |6 340_000000000000000_FOR_1976  |7 0  |8 A  |9 280705  |a BIBDER  |b BIBDER  |d 2019-11-19  |h v.9  |i 1818627  |o 340 FOR 1976  |p 1818627  |r 2023-01-25  |w 2019-11-19  |y BK  |k DER